Pohľad na vývoj ekonomík Francúzska, Talianska a Veľkej Británie Príloha Hospodárskych novín

Rozhodujúce trendy charakterizujúce súčasný ekonomický vývoj vo Francúzsku, Taliansku a Veľkej Británii a ich dôsledky v krajinách G7.

Enregistré dans:
Détails bibliographiques
Auteur principal: Oberhauser, Ján Artur
Format: Chapitre de livre
Langue:slovaque
Sujets:
Tags: Ajouter un tag
Pas de tags, Soyez le premier à ajouter un tag!

MARC

LEADER 00000naa a2200000 4500
001 r026408
005 20230824090237.9
041 0 |a slo 
044 |a SK 
245 1 0 |a Pohľad na vývoj ekonomík Francúzska, Talianska a Veľkej Británie  |b Príloha Hospodárskych novín  |c Ján Artur Oberhauser 
520 |a Rozhodujúce trendy charakterizujúce súčasný ekonomický vývoj vo Francúzsku, Taliansku a Veľkej Británii a ich dôsledky v krajinách G7. 
610 2 0 |a Francúzsko 
610 2 0 |a Taliansko 
610 2 0 |a Veľká Británia 
610 2 0 |a G-7 
610 2 0 |a 1996 
610 2 0 |a 1997 
610 2 0 |a situácia hospodárska 
100 1 |a Oberhauser, Ján Artur